[Event "Asian Amateur-ch"]
[Site "Zhengzhou"]
[Date "2019.01.02"]
[Round "4"]
[White "Zhao, Yuxuan"]
[Black "Shi, Zhanran"]
[Result "1/2-1/2"]
[WhiteElo "1801"]
[BlackElo "1394"]
[PlyCount "79"]
[EventDate "2018.12.31"]
[EventType "swiss"]
[EventRounds "9"]
[EventCountry "CHN"]
[SourceTitle "CBM 188 Extra"]
[Source "ChessBase"]
[SourceDate "2019.02.26"]
[SourceVersion "1"]
[SourceVersionDate "2019.02.26"]
[SourceQuality "1"]

1. e4 c5 2. Nf3 d6 3. c3 Nf6 4. Be2 e6 5. 0-0 Be7 6. Re1 0-0 7. Bf1 a6 8. a4 Nc6 9. d4 d5 10. exd5 Nxd5 11. dxc5 Bxc5 12. b4 Ba7 13. Qc2 Qc7 14. Bd3 h6 15. Ba3 Rd8 16. b5 Na5 17. c4 Nf6 18. c5 Qf4 19. Nbd2 Bd7 20. Qc3 Nd5 21. Qe5 Bb8 22. Qxf4 Bxf4 23. g3 Bxd2 24. Nxd2 Be8 25. Ne4 axb5 26. Rab1 b4 27. Bc1 Bxa4 28. Nd6 b6 29. Ne4 b5 30. Nd6 Rab8 31. Be4 Nb3 32. Bxd5 Nxc1 33. Rexc1 exd5 34. Rxb4 Kf8 35. Rcb1 Ke7 36. Nxb5 Bxb5 37. Rxb5 Rxb5 38. Rxb5 Rc8 39. f4 Kd7 40. Kf2 1/2-1/2

[Event "Zibo zt 3.5 (Women)"]
[Site "Zibo"]
[Date "2017.08.07"]
[Round "1"]
[White "Zhao, Yuxuan"]
[Black "Xu, Tong"]
[Result "1-0"]
[WhiteElo "1812"]
[BlackElo "2179"]
[PlyCount "81"]
[EventDate "2017.08.07"]
[EventType "swiss"]
[EventRounds "11"]
[EventCountry "CHN"]
[SourceTitle "CBM 179 Extra"]
[Source "ChessBase"]
[SourceDate "2017.08.23"]
[SourceVersion "1"]
[SourceVersionDate "2017.08.23"]
[SourceQuality "1"]

1. e4 c5 2. Nf3 d6 3. c3 Nf6 4. Be2 g6 5. 0-0 Bg7 6. Bb5+ Bd7 7. Bxd7+ Nbxd7 8. Re1 0-0 9. d4 e5 10. dxe5 dxe5 11. c4 Qb6 12. Nc3 h6 13. Nd5 Nxd5 14. cxd5 Qd6 15. a4 f5 16. Nd2 b6 17. Nc4 Qf6 18. exf5 gxf5 19. b3 Qg6 20. Bb2 Rae8 21. Qc2 Kh7 22. f3 Rg8 23. Re2 Re7 24. Rae1 Rge8 25. Ne3 e4 26. fxe4 Bxb2 27. Qxb2 fxe4 28. Nc4 Ne5 29. Rf1 Nd3 30. Qf6 Qxf6 31. Rxf6 Nc1 32. Re3 Nd3 33. Nd6 Rd8 34. Nf5 Re5 35. Rxh6+ Kg8 36. Rg3+ Kf8 37. Rf6+ Ke8 38. Rg8+ Kd7 39. Rd6+ Kc7 40. Rgxd8 Rxf5 41. R6d7# 1-0

[Event "CHN-chB (Women)"]
[Site "Zhongshan"]
[Date "2015.07.19"]
[Round "5"]
[White "Zhao, Yuxuan"]
[Black "Li, Xueyi"]
[Result "1/2-1/2"]
[WhiteElo "1802"]
[BlackElo "2188"]
[PlyCount "68"]
[EventDate "2015.07.17"]
[EventType "swiss"]
[EventRounds "11"]
[EventCountry "CHN"]
[SourceTitle "CBM 167 Extra"]
[Source "ChessBase"]
[SourceDate "2015.09.14"]
[SourceVersion "1"]
[SourceVersionDate "2015.09.14"]
[SourceQuality "1"]

1. e4 c6 2. d4 d5 3. Nd2 dxe4 4. Nxe4 Bf5 5. Ng3 Bg6 6. Nf3 Nd7 7. h4 h6 8. h5 Bh7 9. Bd3 Bxd3 10. Qxd3 e6 11. Bf4 Qa5+ 12. Bd2 Qc7 13. 0-0-0 Ngf6 14. c3 Qa5 15. Kb1 Qb5 16. c4 Qa6 17. Ne5 Be7 18. f4 Rf8 19. f5 0-0-0 20. Nxd7 Nxd7 21. fxe6 fxe6 22. Qe2 Qb6 23. Bc3 Bb4 24. Bxb4 Qxb4 25. Rhf1 Rxf1 26. Rxf1 Qd6 27. Qg4 Qe7 28. Ne4 Kb8 29. Qg3+ e5 30. Re1 Ka8 31. dxe5 Qxe5 32. Qxe5 Nxe5 33. b3 Kb8 34. Nc5 Nd7 1/2-1/2